| 000 | 00742 a2200181 4500 | ||
|---|---|---|---|
| 003 | Nust | ||
| 005 | 20230130125432.0 | ||
| 040 | _cNust | ||
| 082 | _a910,STE | ||
| 100 |
_a: Stern, Alfred, _9108043 |
||
| 245 |
_aPhilosophy of history and the problem of values/ _cStern, Alfred, |
||
| 260 |
_aIslamabad _bNational Book Foundation |
||
| 300 | _a247 | ||
| 505 | _aThe New Historical Sense (Page-9), Historical Reality (Page-17), The Philosophy of History (Page-39), Historical Knowledge and Values (Page-100), Historicism, Natural Right and Values (Page-138), The Limits of Historicism (Page-182), Historical Project and Values (Page-202). | ||
| 600 |
_aStern, Alfred, _9108044 |
||
| 650 |
_aPhilsophy of History _9108045 |
||
| 942 |
_2ddc _cBK |
||
| 999 |
_c178823 _d178823 |
||